LOTO (trouvez les bon n° selon un indice) - Statistiques

Statistiques générales
  • Ce quiz a été pris 229 fois
  • Le résultat moyen est 4 sur 5
Statistiques - réponses
Hint Réponse % Correct
département dont la préfecture est Bourg-en-bresse 1
100%
Chiffre qui porte malheur dans de nombreuses croyances 13
92%
âge de la majorité en France juste avant 18 ans 21
88%
.. vla les flics 22
65%
ce que le Docteur nous dit de dire 33
46%
Aucun quiz correspondant
Distribution des résultats
% des personnes avec chaque résultat
Percentile par nombre de réponses
Votre historique - résultats
Vous n’avez pas pris ce quiz